000 00749nam a22001937a 4500
999 _c166478
_d166478
005 20190724171950.0
010 _aUR-10280
020 _c110.00
_a9789388356015
035 _aU-8835
037 _bDBAD/PUB
082 _a840.08
100 _aکا ظمی نصير فا طمہ
245 _aا کبر ا لہ آ با د ی :حيا ت ا و را د بی خد ما ت
_cکا ظمی نصير فا طمہ
246 _bAkbar Allahabadi Hayat Aur Adabi Khidmat (Urdu)
_aby Naseer Fatma Kazmi
260 _a Delhi
_bEducational Publishing House
_c2018 ء
270 _a3191،Vakil Street,Kucha Pandit,Lal Kuan,
_bDelhi
_e110006
_k23216162
_l00911123211540
300 _a100 ص
_c22 Cm(Hb)
942 _2ddc
_cUR
_h840.08
_mک ا ظ